[Event "Regina Helena Marques 9th"]
[Site "Santos"]
[Date "2012.12.13"]
[Round "5"]
[White "Mekhitarian, Krikor Sevag"]
[Black "Roselli Mailhe, Bernardo"]
[Result "1/2-1/2"]
[WhiteElo "2531"]
[BlackElo "2443"]
[PlyCount "57"]
[EventDate "2012.12.10"]
[EventType "tourn"]
[EventRounds "9"]
[EventCountry "BRA"]
[EventCategory "7"]
[SourceTitle "CBM 152 Extra"]
[Source "ChessBase"]
[SourceDate "2013.02.25"]
[SourceVersion "1"]
[SourceVersionDate "2013.02.25"]
[SourceQuality "1"]

1. e4 e6 2. d4 d5 3. Nc3 Bb4 4. e5 Ne7 5. a3 Bxc3+ 6. bxc3 b6 7. Qg4 Ng6 8. h4
h5 9. Qd1 Qd7 10. Be2 Qc6 11. Rh3 Ba6 12. Bxh5 Nxh4 13. Bg5 Ng6 14. Kd2 Rf8 15.
Qg4 Qd7 16. Bxg6 fxg6 17. Bh4 Nc6 18. Qxg6+ Qf7 19. Qg4 Qf4+ 20. Qxf4 Rxf4 21.
Bg3 Rf8 22. Nf3 Na5 23. Rah1 Nc4+ 24. Kc1 Nxa3 25. Rh7 Rg8 26. Rxg7 Rxg7 27.
Rh8+ Kd7 28. Rxa8 Nb5 29. Kd2 1/2-1/2

[Event "Regina Helena Marques 9th"]
[Site "Santos"]
[Date "2012.12.14"]
[Round "6"]
[White "Mekhitarian, Krikor Sevag"]
[Black "Rocha, Wellington Carlos"]
[Result "1-0"]
[WhiteElo "2531"]
[BlackElo "2427"]
[PlyCount "38"]
[EventDate "2012.12.10"]
[EventType "tourn"]
[EventRounds "9"]
[EventCountry "BRA"]
[EventCategory "7"]
[SourceTitle "CBM 152 Extra"]
[Source "ChessBase"]
[SourceDate "2013.02.25"]
[SourceVersion "1"]
[SourceVersionDate "2013.02.25"]
[SourceQuality "1"]

1. e4 c5 2. Nf3 e6 3. d4 cxd4 4. Nxd4 a6 5. Bd3 Nf6 6. Qe2 d6 7. O-O Be7 8. c4
Nbd7 9. Nc3 O-O 10. Kh1 Ne5 11. Bc2 Qc7 12. Bb3 Bd7 13. f4 Nc6 14. Nf3 Na5 15.
e5 Ne8 16. f5 Nxb3 17. axb3 exf5 18. Nd5 Qd8 19. Bd2 b6 1-0

[Event "Regina Helena Marques 9th"]
[Site "Santos"]
[Date "2012.12.14"]
[Round "8"]
[White "Abdalla, Luiz Guilherme"]
[Black "Mekhitarian, Krikor Sevag"]
[Result "0-1"]
[WhiteElo "2322"]
[BlackElo "2531"]
[Annotator "Mekhitarian,K"]
[PlyCount "46"]
[EventDate "2012.12.10"]
[EventType "tourn"]
[EventRounds "9"]
[EventCountry "BRA"]
[EventCategory "7"]
[SourceTitle "CBM 152"]
[Source "ChessBase"]
[SourceDate "2013.01.15"]
[SourceVersion "1"]
[SourceVersionDate "2013.01.15"]
[SourceQuality "1"]

1. d4 Nf6 2. c4 e6 3. Nc3 Bb4 4. Qc2 {My opponent was not used to playing this
line, so I thought I might surprise him as well with a less popular idea.} d6
$5 {An interesting way to fight the Capablanca/Classical variation. I met this
move in the Cappelle Open earlier in 2012 against Georgy Timoshenko, who
managed to get a good position.} 5. e4 $6 {I don't like this move, even though
I played it against Romanov, also in 2012, but in Cannes (couple of weeks
before Cappelle).} (5. a3 {one of the main moves} Bxc3+ 6. Qxc3 Nbd7 {I guess
Black is rushing to play e5, thus taking advantage of the immediate better
development} 7. g3 O-O 8. Bg2 e5 (8... Rb8 $5 {This funny-looking move is
possible, to follow with b6, Bb7. Seen once in Dearing - Conquest, 2003} 9. b4
b6 10. Nf3 Bb7 11. O-O Qe7 12. Bb2 a5 13. Rfd1 $14 {Now White wants to play d5
at some point, and if Black plays Be4, then a typical Bh3 (or Bf1), followed
by Nd2 and e4. In these kind of positions, the sacrifice with ...axb4 14.axb4
b5!? 15.cxb5 Nb6 is normally playable, trying to close the b2-B and bringing
the d7-N via b6 to the c4-d5 squares.}) 9. Nf3 (9. dxe5 $1 {possibly the best,
trying to open lines for the c1-B} dxe5 $6 (9... Nxe5 {this small positional
concession should be chosen, because 9...dxe5 would give strong play for White
in the a1-h8 diagonal later. Besides, White has yet to face some problems to
be able to castle, and Black is coming fast with Re8, Bg4, and the immediate
Nf3 allows the strong N transfer to c5:} 10. Nf3 Ne4 11. Qc2 Nxf3+ 12. Bxf3 Nc5
13. b4 $1 {has to be played now to avoid a5-a4} (13. O-O a5 {with a fine
position, Re8, Qf6, Bh3 to come}) 13... Qf6 14. Bb2 Nd3+ 15. Qxd3 Qxb2 16. O-O
g6 $14 {when Black is close to solving all his problems with Bf5, Rb8, but
White retains a small edge.}) 10. Nf3 Qe7 11. O-O $14 {/+/-, similar to the
game, but now e4 is not going to happen, and Bb2, together with Rd1, b4 will
be annoying}) 9... e4 $5 {At first, I thought this was good for White, because
of the weakening of some dark-squares, but after all Black gets a decent space
advantage and also avoids dxe5 once for all.} 10. Nd2 Re8 11. O-O c6 12. Re1
Nf8 13. Nf1 h6 $13 {1/2-1/2 Mekhitarian,K (2512)-Timoshenko,G (2551)/Cappelle
2012 (23); and I feel Black was able to solve all his opening problems and
Be6-Qd7-Bh3 could even harrass White a little bit.}) (5. e3 O-O 6. Bd3 {
is another possibility, trying to play it like the Rubinstein (4.e3) variation,
but without the immediate d5-c5 disturbing White's centre} c5 7. Nge2 (7. Nf3 {
to be watched...})) 5... c5 $1 {Following Romanov's idea. Cannes is a very
strong tournament, but the games played there don't go to the database, that's
why you can't find it. Black simply starts harassing White's vulnerable centre}
6. dxc5 {I don't know exactly what to suggest instead of this, but it seems
Black is already fine.} (6. d5 $6 {played by me, already a dubious move,
because Black has a strong response now:} Qe7 $1 $15 {And suddenly, White is
facing strategic problems, and is already worse, since the simple threat of ...
exd5 is very strong. And naturally, 7.dxe6 leaves Black in a fine position
already, since the N is quickly going to c6, and the pressure on the e4-P is
also annoying.}) 6... dxc5 (6... Bxc5 $5 {was another sound option, playing a
Hedgehog-style structure, with the B outside the pawn chain, and having
Nc6-Nd4 coming pretty quick.}) 7. e5 Nfd7 8. Nf3 (8. a3 Bxc3+ 9. Qxc3 {a
positional triumph for White, but Black takes advantage of his better
development:} O-O 10. Nf3 Nc6 11. Bf4 f6 12. exf6 e5 $1 $13 {and again, White
should be careful not to end up worse.}) 8... Nc6 9. Qe4 $6 {Now this helps me
on activating my pieces. More logical was:} (9. Bf4 Qa5 $1 {Nd4 becomes a
threat already. For example:} 10. a3 (10. Rd1 $5) 10... Bxc3+ 11. bxc3 Nd4 12.
Qd3 Nxf3+ 13. Qxf3 Nf8 $1 $36 {Important move to reorganise forces, now Black
has a strong idea of Ng6, followed by Bd7-Bc6, 0-0 and Rad8, creating pressure
on many weak pawns.}) 9... f5 $1 $15 {Weakens my structure, but it is all
based on concrete and active ideas, therefore well justified.} 10. exf6 Nxf6
11. Qd3 Qe7 $5 {I don't know if keeping the Qs is the best option - the solid
alternative was also quite interesting, and perhaps better:} (11... O-O $5 12.
Qxd8 Rxd8 $15 {/-/+ and once again Black proves he can stay quite active, with
e5, Nd4 coming, as well as b6-Bb7.}) 12. Bg5 {This has to be played, otherwise
...e5 comes and the threats of e4, Bg4, Rd8, Nd4 are too strong to be parried.}
O-O 13. O-O-O Rd8 14. Qc2 Rxd1+ 15. Qxd1 Bxc3 (15... h6 $1 {could be a small
improvement, as you'll be able to notice in the 19th move analysis} 16. Bh4
Bxc3 17. bxc3 e5 18. Bd3 e4 19. Re1 Bf5 20. Bxf6 Qxf6 21. Bxe4 Bxe4 22. Rxe4
Qxc3+ 23. Kb1 $15 {and now compared to the game (had White played 19.Bxf6), h6
helps on hiding Black's K.}) 16. bxc3 e5 17. Bd3 e4 18. Re1 Bf5 (18... Qf7 {
I thought about this for a while, but it was nonsense:} 19. Bxe4 (19. Bxf6 $2 {
I was mostly happy with this analysis, but of course he was not going into this
} exd3 20. Ng5 Qg6 21. Qxd3 {pretty, but not good enough} gxf6 $19) 19... Nxe4
20. Rxe4 {I thought I could bother my opponent on the white squares, but the
board is wide open for that, and I'm not getting Be6 (or Bf5) and h6 in time.}
Bf5 21. Rf4 $1 $13) 19. Nh4 $2 (19. Bxf6 $1 {was the last chance for a
consistent position} Qxf6 20. Bxe4 Bxe4 21. Rxe4 Qxc3+ 22. Kb1 $13 {looks a
little bit scary, but White also has Qe2 and Re8+ threats (Black's K is not
that safe either). Now it is clearer why 15...h6 would help. For example, Qe2
already threatens Re8+ with mate to follow.}) 19... Qe5 20. Bxf6 Qxf6 21. Nxf5
{At this point, I wasn't so sure how to proceed, because all the options had
to be considered, and I hadn't seen anything decent after 23.Qh3.} exd3 $1 (
21... Qxc3+ 22. Bc2 Rd8 $2 {was one of my ideas, but it took me a bit to
realise I'm just losing here after} (22... Nb4 {and apparently Black still
gets away with a draw}) 23. Ne7+ $1 Kf8 24. Nd5 {I kept on analysing, but it
didn't make sense anymore} Qxc4 25. Rxe4 Qxd5 26. Qf3+ $18) (21... Rd8 22. Rxe4
Qxc3+ 23. Qc2 Qa3+ 24. Qb2 Qxd3 {could be attractive, but fails drastically :)}
25. Qxg7#) 22. Qxd3 Rd8 23. Qc2 $4 {Under time pressure, White collapses and
loses on the spot.} (23. Qh3 {was the correct move, and I was only looking at
Ne5, which brings me a comfortable endgame, but nothing more than that} Ne5 (
23... g6 $1 {was the fine move, according to our computer friend - it takes
advantage of the fact that White can't go Ne3 right away, because of the c3-P}
24. Nh6+ Kg7 25. Ng4 Qf4+ 26. Ne3 Qxf2 27. Rd1 $1 $15 {but even here, Black
will need to work hard to create something, since his K is also weak}) 24. Rd1
Rxd1+ 25. Kxd1 Nxc4 {perhaps with a tiny advantage, because of the better
structure, but very close to equality.}) 23... Nb4 0-1

[Event "Regina Helena Marques 9th"]
[Site "Santos"]
[Date "2012.12.15"]
[Round "8"]
[White "Mekhitarian, Krikor Sevag"]
[Black "Marrero Lopez, Yaniet"]
[Result "1-0"]
[WhiteElo "2531"]
[BlackElo "2304"]
[PlyCount "85"]
[EventDate "2012.12.10"]
[EventType "tourn"]
[EventRounds "9"]
[EventCountry "BRA"]
[EventCategory "7"]
[SourceTitle "CBM 152 Extra"]
[Source "ChessBase"]
[SourceDate "2013.02.25"]
[SourceVersion "1"]
[SourceVersionDate "2013.02.25"]
[SourceQuality "1"]

1. e4 e5 2. Nf3 Nc6 3. Bb5 a6 4. Ba4 Nf6 5. O-O Be7 6. d3 d6 7. c3 O-O 8. Re1
Nd7 9. Bc2 Bf6 10. h3 Nb6 11. a4 a5 12. Nbd2 g6 13. Nf1 Bg7 14. d4 exd4 15.
cxd4 Nb4 16. Bb3 c5 17. Bg5 Qc7 18. Rc1 h6 19. Bf4 Qc6 20. Ne3 Bd7 21. dxc5
dxc5 22. Bd6 Nxa4 23. Bxa4 Qxa4 24. b3 Qc6 25. Rxc5 Qa6 26. Bxf8 Bxf8 27. Rc3
Bb5 28. Nd5 Nxd5 29. Qxd5 Bc6 30. Qd4 Bb4 31. Ne5 Bxc3 32. Qxc3 Be8 33. Ng4 h5
34. Nf6+ Kf8 35. Nd5 Kg8 36. Nc7 Rc8 37. Qe5 Qc6 38. Nd5 Qc5 39. Nf6+ Kf8 40.
Qxe8+ Kg7 41. Nd7 Qc6 42. Qe5+ f6 43. Qe7+ 1-0

[Event "Regina Helena Marques 9th"]
[Site "Santos"]
[Date "2012.12.16"]
[Round "9"]
[White "Flores, Diego"]
[Black "Mekhitarian, Krikor Sevag"]
[Result "1/2-1/2"]
[WhiteElo "2599"]
[BlackElo "2531"]
[PlyCount "55"]
[EventDate "2012.12.10"]
[EventType "tourn"]
[EventRounds "9"]
[EventCountry "BRA"]
[EventCategory "7"]
[SourceTitle "CBM 152 Extra"]
[Source "ChessBase"]
[SourceDate "2013.02.25"]
[SourceVersion "1"]
[SourceVersionDate "2013.02.25"]
[SourceQuality "1"]

1. b3 d5 2. Bb2 c5 3. e3 a6 4. c4 e6 5. Nf3 Nc6 6. Be2 Nf6 7. O-O Be7 8. cxd5
exd5 9. d4 O-O 10. Nc3 Bg4 11. dxc5 Bxc5 12. Rc1 Ba7 13. Nd4 Bd7 14. Nxc6 Bxc6
15. Bf3 Ne4 16. Ne2 Ng5 17. Nd4 Bxd4 18. Qxd4 Nxf3+ 19. gxf3 Qg5+ 20. Kh1 f6
21. Rg1 Qf5 22. Rg3 Rf7 23. Rcg1 Re8 24. Kg2 Qe5 25. Qd2 Qf5 26. Bd4 h5 27. Qd1
Bd7 28. h4 1/2-1/2

[Event "Tata Steel-C 75th"]
[Site "Wijk aan Zee"]
[Date "2013.01.18"]
[Round "6"]
[White "Peralta, Fernando"]
[Black "Mekhitarian, Krikor Sevag"]
[Result "1/2-1/2"]
[WhiteElo "2617"]
[BlackElo "2543"]
[Annotator "Mekhitarian,K"]
[PlyCount "71"]
[EventDate "2013.01.12"]
[EventType "tourn"]
[EventRounds "13"]
[EventCountry "NED"]
[EventCategory "9"]
[SourceTitle "CBM 153"]
[Source "ChessBase"]
[SourceDate "2013.03.14"]
[SourceVersion "1"]
[SourceVersionDate "2013.03.14"]
[SourceQuality "1"]

1. d4 Nf6 2. c4 g6 3. Nc3 d5 4. cxd5 Nxd5 5. e4 Nxc3 6. bxc3 Bg7 7. Nf3 c5 8.
Rb1 O-O 9. Be2 cxd4 10. cxd4 Qa5+ 11. Bd2 Qxa2 12. O-O Bg4 13. Bg5 h6 14. Be3
Nc6 15. d5 Ne5 (15... Bxf3 16. gxf3 $5 (16. Bxf3 Ne5 17. Rxb7 a5 {This was my
initial idea, while preparing. But what disturbed me most was 16.gxf3!?, so I
thought with 16...a5! first I could get similar positions (and White wouldn't
have the option of taking on f3 with a P)}) 16... Nd4 17. Bd3 a5 $13 {somehow
I felt f4-e5 could be marching in, and my computer analysis didn't convince me.
}) 16. Rxb7 a5 $1 {A new idea in a well-known position. Ok, new only in
over-the-board games, because it has been played in correspondence chess 4
times already, being the most important one quoted below.} (16... e6 {is the
main theory, but White expects an advantage after:} 17. d6 Rfd8 18. Re1 Bxf3
19. gxf3 Qa3 (19... Qa5 {has been tried in recent games, but} 20. Rf1 {still
gives better prospects for white, with d7-f4 ideas}) 20. f4 Rxd6 21. Qc1 $1
$146 {- A novelty in 1996, naturally, from the following famous game:} Qxc1 22.
Rxc1 Nc6 23. e5 Nd4 24. Rcc7 $1 Nxe2+ 25. Kf1 Rdd8 (25... Rd5 $5 {was tried in
2010. Black may even hold, but the task is not easy} 26. Kxe2 g5 27. Rxf7 Bh8
$1 $132) 26. Rxf7 Bf8 27. Kxe2 Rdb8 28. Rxb8 Rxb8 29. Rf6 Re8 30. Rxg6+ Kh7 31.
Rf6 a5 32. f5 exf5 33. f4 Ra8 34. Rxf5 a4 35. Rf7+ Kg8 36. Ra7 Rxa7 37. Bxa7
Ba3 38. Bd4 Bc1 39. f5 Kf7 40. Kd3 a3 41. Kc2 Bf4 42. h3 h5 43. Kb3 Bc1 44. Bc5
Bb2 45. e6+ Kf6 46. Bxa3 Be5 {1-0 (46) Gelfand,B (2700)-Kamsky,G (2735) Dos
Hermanas 1996}) 17. Rxe7 (17. h3 {is possible, releasing the tension:} Nxf3+
18. Bxf3 Bxf3 19. Qxf3 Qa3 $1 $13 {keeping an eye on Rxe7, Bc5, and Black will
continue with his main counterplay, the march of his a-pawn.}) 17... a4 18. Bd4
(18. Re1 {was one of the moves I was expecting based on my preparation, and I
would be happy to play the next pretty (without winning intentions, but still
pretty) move instantly:} a3 $3 {the key} 19. Nxe5 Bxe2 20. Rxe2 Qxe2 21. Qxe2
a2 22. Bd4 a1=Q+ 23. Bxa1 Rxa1+ 24. Qf1 Rxf1+ 25. Kxf1 Bf6 {Forgetting about
the preparation, I was amazed how rich this position was - In a single move,
White could choose between 3 different endgames! In my opinion, all of them
look safe for Black:} 26. Nc6 (26. Nxg6 fxg6 $13 {and Bd4 is coming next,
following by the activation of the black K}) (26. Rxf7 Bxe5 27. Rxf8+ Kxf8 28.
g3 g5 {also drawn, since g4 is a real threat, and if White tries to stop it,
we get a new target on g3. For example:} 29. f3 h5 30. Kf2 h4 31. Kg2 $5 hxg3
32. hxg3 Kf7 33. Kh3 Kf6 34. Kg4 Bd6 35. f4 gxf4 36. gxf4 Bb8 $11 {and a
theoretical draw takes place, since Black will just move the B along this
diagonal, avoiding any possible advances.}) 26... Bxe7 27. Nxe7+ Kg7 28. Nc6
Rc8 $1 $11 {forced, to avoid d6-d7. After Kf8-Ke8, it also feels like Black is
not in any danger. According to my researches, this endgame is supposed to be
a draw without much to worry about, since after the black K helps in the
defence, the R will be activated, giving Black enough counterplay. This exact
structure happened a few times on GM encounters, like Lobron-Velimirovic 1984,
Martinovic-Predojevic 2012 and Fedorchuk-Stocek, 2003.}) 18... Nxf3+ 19. Bxf3
Bxf3 20. gxf3 {Now we transpose to the lines I was expecting (that normally
begin with 15...Bxf3 16.Bxf3 Ne5 17.Rxb7 a5 18.Rxe7 a4 19,Bd4 Nxf3+ 20.gxf3),
as in Kramnik-Svidler 2001, mentioned below.} Bxd4 21. Qxd4 a3 22. Kg2 (22. d6
{would be more straightforward, also walking into a draw after:} Qb2 (22... Qe2
23. Kg2 a2 24. Ra1 Rab8 25. d7 Rb1 26. d8=Q Qf1+ 27. Kg3 Qg1+ 28. Kh3 Qf1+ {
1/2-1/2 (27) Kramnik,V (2802)-Svidler,P (2695) Zuerich 2001}) 23. Qd5 Rab8 24.
Rc7 (24. Ra7 {runs into} Rb5 $1 $132 {with a funny and sudden K-side
counterplay}) 24... a2 25. Ra7 Qe2 26. Qd1 Qc4 27. Qc1 {1/2-1/2 (27) Roubaud,D
(2575)-Glazman,M (2577) ICCF email 2012} Qe2 {was probably the main reason for
the draw agreement on move 27} 28. Kg2) 22... Qb2 {Forcing a weird R endgame
that should be drawn after all, but not without a fight.} 23. Qxb2 axb2 24. Rb7
Rfb8 25. Rxb8+ Rxb8 26. Rb1 Kf8 27. f4 {I feel like this and the next move are
necessary, otherwise the black K activation could be really dangerous for
White.} Ke7 28. e5 Rb3 {Black is active, but even if White loses f4, e5, d5
for b2, the drawing chances still would be huge, so deep down there's not that
much to worry about.} 29. Kf1 g5 30. fxg5 hxg5 31. Ke2 g4 32. Kd2 Rb5 33. Ke3
Rxd5 (33... f6 {was my initial idea, but after some time I realised it didn't
make any sense to push harder} 34. exf6+ Kxf6 35. Kd4 $11) 34. Rxb2 Rxe5+ 35.
Kf4 Rh5 36. Kxg4 1/2-1/2

[Event "BRA-ch 79th"]
[Site "Montenegro"]
[Date "2013.02.26"]
[Round "2"]
[White "Santiago, Yago de Moura"]
[Black "Mekhitarian, Krikor Sevag"]
[Result "1-0"]
[WhiteElo "2405"]
[BlackElo "2546"]
[PlyCount "63"]
[EventDate "2013.02.25"]
[EventType "tourn"]
[EventRounds "11"]
[EventCountry "BRA"]
[SourceTitle "CBM 153 Extra"]
[Source "ChessBase"]
[SourceDate "2013.04.22"]
[SourceVersion "1"]
[SourceVersionDate "2013.04.22"]
[SourceQuality "1"]

1. e4 e5 2. Nf3 Nc6 3. Bb5 a6 4. Ba4 Nf6 5. O-O Be7 6. Re1 d6 7. Bxc6+ bxc6 8.
d4 exd4 9. Nxd4 Bd7 10. Qf3 O-O 11. Nc3 Re8 12. h3 h6 13. b3 Nh7 14. Bb2 Bf8
15. Rad1 Ng5 16. Qg3 Nh7 17. Qd3 Qh4 18. Re3 Ng5 19. Nf3 Qh5 20. Ne2 Ne6 21.
Ng3 Qg6 22. Nh4 Qg5 23. Nhf5 Nf4 24. Qf1 Nxh3+ 25. gxh3 Bxf5 26. f4 Bxh3 27.
Qxh3 Qxf4 28. Nh5 Qg5+ 29. Rg3 Qc5+ 30. Bd4 Qxc2 31. Rf1 Re6 32. Nxg7 1-0

[Event "BRA-ch 79th"]
[Site "Montenegro"]
[Date "2013.02.27"]
[Round "3"]
[White "Mekhitarian, Krikor Sevag"]
[Black "Olivencia, Flavio"]
[Result "1-0"]
[WhiteElo "2546"]
[BlackElo "2211"]
[PlyCount "69"]
[EventDate "2013.02.25"]
[EventType "tourn"]
[EventRounds "11"]
[EventCountry "BRA"]
[SourceTitle "CBM 153 Extra"]
[Source "ChessBase"]
[SourceDate "2013.04.22"]
[SourceVersion "1"]
[SourceVersionDate "2013.04.22"]
[SourceQuality "1"]

1. e4 c5 2. Nf3 Nc6 3. d4 cxd4 4. Nxd4 e5 5. Nb5 a6 6. Nd6+ Bxd6 7. Qxd6 Qf6 8.
Qc7 Nge7 9. Nc3 Nb4 10. Bd3 d5 11. O-O d4 12. Na4 Nxd3 13. cxd3 Qc6 14. Qxc6+
Nxc6 15. Nb6 Rb8 16. b3 O-O 17. Ba3 Rd8 18. Rac1 Be6 19. f3 f6 20. Rf2 Kf7 21.
Rfc2 Ke8 22. Kf2 Kf7 23. h4 h5 24. Rg1 g6 25. g4 Rh8 26. g5 Rbd8 27. gxf6 Kxf6
28. Rg5 Rhe8 29. Kg3 Bf7 30. Bc5 Nb8 31. f4 exf4+ 32. Kxf4 Nc6 33. Rf2 Re5 34.
Rxe5 Nxe5 35. Bxd4 1-0

[Event "BRA-ch 79th"]
[Site "Montenegro"]
[Date "2013.02.28"]
[Round "4"]
[White "Brito, Luismar Jorge"]
[Black "Mekhitarian, Krikor Sevag"]
[Result "0-1"]
[WhiteElo "2292"]
[BlackElo "2546"]
[PlyCount "64"]
[EventDate "2013.02.25"]
[EventType "tourn"]
[EventRounds "11"]
[EventCountry "BRA"]
[SourceTitle "CBM 153 Extra"]
[Source "ChessBase"]
[SourceDate "2013.04.22"]
[SourceVersion "1"]
[SourceVersionDate "2013.04.22"]
[SourceQuality "1"]

1. e4 c5 2. Nf3 e6 3. d4 cxd4 4. Nxd4 Nf6 5. Bd3 Nc6 6. Nxc6 bxc6 7. O-O d5 8.
Nc3 Be7 9. Qf3 O-O 10. b3 Nd7 11. exd5 cxd5 12. Qh3 g6 13. Bh6 Re8 14. Rad1 Nf6
15. Bb5 Bd7 16. Bxd7 Qxd7 17. Bg5 Qc6 18. Rd3 Nd7 19. Bxe7 Rxe7 20. Re1 Ree8
21. a4 a6 22. Qh4 Rac8 23. Rh3 Nf8 24. Rd3 Nd7 25. Rh3 Nf8 26. Rd3 Rc7 27. b4
Rec8 28. Ree3 Qb7 29. b5 Rc4 30. Qh6 axb5 31. axb5 d4 32. Ne4 dxe3 0-1

[Event "BRA-ch 79th"]
[Site "Montenegro"]
[Date "2013.02.28"]
[Round "5"]
[White "Mekhitarian, Krikor Sevag"]
[Black "Menna Barreto, Felipe Kubiaki"]
[Result "1-0"]
[WhiteElo "2546"]
[BlackElo "2285"]
[PlyCount "113"]
[EventDate "2013.02.25"]
[EventType "tourn"]
[EventRounds "11"]
[EventCountry "BRA"]
[SourceTitle "CBM 153 Extra"]
[Source "ChessBase"]
[SourceDate "2013.04.22"]
[SourceVersion "1"]
[SourceVersionDate "2013.04.22"]
[SourceQuality "1"]

1. e4 e5 2. Nf3 Nc6 3. Bb5 a6 4. Ba4 Nf6 5. O-O Be7 6. d3 b5 7. Bb3 d6 8. a4
Rb8 9. c3 O-O 10. Nbd2 Bd7 11. Bc2 h6 12. Re1 Be6 13. h3 Re8 14. axb5 axb5 15.
d4 exd4 16. cxd4 Nb4 17. d5 Bd7 18. Nd4 c5 19. dxc6 Nxc6 20. N2f3 Nxd4 21. Nxd4
Ra8 22. Rxa8 Qxa8 23. Qd3 Qb7 24. Bd2 Bf8 25. f3 Qb6 26. Kh1 g6 27. Bb3 Bg7 28.
Be3 Qb7 29. Bf4 Qb6 30. Be3 Qb7 31. Bf4 Qb6 32. Nc2 Be6 33. Bxe6 Rxe6 34. Be3
Qb7 35. Nd4 Re7 36. Bf4 d5 37. e5 Nd7 38. e6 Nc5 39. exf7+ Kxf7 40. Rxe7+ Qxe7
41. Qd2 Ne6 42. Nxb5 Nxf4 43. Qxf4+ Kg8 44. Qd2 Kh7 45. Nc3 Qb4 46. g3 d4 47.
Ne4 Qb3 48. Kg2 d3 49. Nf2 Qc2 50. Qxd3 Qxb2 51. Qd7 h5 52. f4 Kh6 53. g4 hxg4
54. hxg4 Qd4 55. Qf7 Qb2 56. g5+ Kh5 57. Qd7 1-0